=LDR 00000nam 2200000 4500 =001 INLIS000000000053709 =990 ##$$a 00093365 =005 20200313085634 =035 ##$$a 0010-0119000025 =007 ta =008 200313################g##########0#ind## =020 ##$$a 978-979-1296-98-4 =082 ##$$a 297 =084 ##$$a 297 SYA a =100 #$$a Syaikh shafiyurrahman al-nubarakfuri =245 1#$$a Ar- Rahiqul makhtum : $b Sejarah hidup rasulullah /$c Syaikh shafiyurrahman al-nubarakfuri =260 ##$$a Solo :$b Al-anda;us,$c 2016 =300 ##$$a li,994 hlm ; $c 17, 5 x 24, 5 cm =650 #4$$a Sejah - Nabi muhammad saw =250 ##$$a Cet. 1 =504 ##$$a Bibliografi : hlm. 981 - 988 =990 ##$$a 00093365